| 000 | 00000nam 2200000za 4500 |
| 001 | 9.634919 |
| 003 | CaOODSP |
| 005 | 20220602115719 |
| 007 | cr ||||||||||| |
| 008 | 150407s2009 quc o f000 0 fre d |
| 020 | |a978-0-662-07936-1 |
| 040 | |aCaOODSP|bfre |
| 043 | |an-cn--- |
| 086 | 1 |aEn4-83/2008F-PDF |
| 110 | 1 |aCanada. |bEnvironnement Canada. |
| 245 | 10|aPlan d'urgence bilatéral États-Unis-Canada en cas de pollution dans la zone frontalière intérieure, 2009 |h[ressource électronique] / |cpubl. en collab. avec : United States Environmental Protection Agency. |
| 260 | |aGatineau - Québec : |bEnvironnement Canada |c2009. |
| 300 | |a44p.|bfigures en couleur, carte en couleur |
| 500 | |aLe n° de catalogue (En4-83/2008F) et l'ISBN (978-0-662-07935-4) de l'édition imprimée ont été incorrectement copiés dans la publication électronique. |
| 590 | |a12-25-Supp|b2012-06-04 |
| 691 | 07|aPollution|2gcpds |
| 691 | 07|aProtection civile|2gcpds |
| 775 | 08|tCanada-United States Joint Inland Pollution Contingency Plan, 2009 |w(CaOODSP)9.690567 |
| 794 | |tPlan d'urgence bilatéral Canada-États-Unis en cas de pollution dans la zone frontalière intérieure.|b2022|w(CaOODSP)9.903680 |
| 856 | 40|qPDF|s749 Ko|uhttps://publications.gc.ca/collections/collection_2012/ec/En4-83-2008-fra.pdf |